000 00565nam a22002057a 4500
003 OSt
005 20170131142116.0
008 150423b xxu||||| |||| 00| 0 eng d
020 _a1853173835
040 _cdnlm
082 _aWV210 D54 1997
100 _aHawke, Michael; [et...al]
_94014
245 _aDiagnostic Handbook of Otorhinolaryngology
260 _aLondon:
_bMartin Dunitz;
_c1997.
300 _aviii, 288 p :
_bcol.ill
_c25 cm
504 _aIncludes index
650 _aOtorhinolaryngology
_94015
650 _aHead & Neck
_911476
942 _2z
_cSLOAN
999 _c1529
_d1529